000 00279nam a2200121Ia 4500
100 _aCacoullos/ T.
942 _cBK
654 _aExercises in Probability
245 _aExercises in Probability
260 _bNarosa Pub House
_aNew Delhi
_c1993
546 _aENGLISH
999 _c22633
_d22633